| 000 | 00349nam a2200145Ia 4500 | ||
|---|---|---|---|
| 999 |
_c16440 _d16440 |
||
| 082 | _a020.92 GAR-; | ||
| 100 | _aGardner, Frank M. | ||
| 245 | 0 | _aLetters to a younger librarian | |
| 260 |
_aLondon _bJames Clarke _c1951 |
||
| 300 | _a178p. | ||
| 650 | _aLibrary science | ||
| 650 | _aLibrarians - Correspondence | ||
| 650 | _aLetters | ||
| 942 | _cBK | ||